<?xml version="1.0" encoding="UTF-8"?>
<marc:record xmlns:marc="http://www.loc.gov/MARC21/slim">
   <marc:leader>00000nam a2200000 a 4500</marc:leader>
   <marc:datafield ind1="1" ind2=" " tag="100">
      <marc:subfield code="a">Schoenwald, Sophie</marc:subfield>
      <marc:subfield code="4">aut</marc:subfield>
      <marc:subfield code="e">Verfasser/-in</marc:subfield>
   </marc:datafield>
   <marc:datafield ind1=" " ind2=" " tag="653">
      <marc:subfield code="a">Pappbilderbücher mit und ohne Zusatzteile, Fühlbilderbücher</marc:subfield>
   </marc:datafield>
   <marc:datafield ind1="0" ind2="0" tag="245">
      <marc:subfield code="a">Ab ins Bett mit dir, kleines Murmeltier!</marc:subfield>
   </marc:datafield>
   <marc:datafield ind1="0" ind2="0" tag="245">
      <marc:subfield code="b">Ein süßes Abenteuer zum Mitmachen für die Kleinsten ab 2 Jahren</marc:subfield>
   </marc:datafield>
   <marc:datafield ind1="0" ind2="0" tag="245">
      <marc:subfield code="c">Schoenwald, Sophie</marc:subfield>
   </marc:datafield>
   <marc:datafield ind1=" " ind2="1" tag="264">
      <marc:subfield code="a">Köln</marc:subfield>
      <marc:subfield code="b">Baumhaus</marc:subfield>
      <marc:subfield code="c">2024</marc:subfield>
   </marc:datafield>
   <marc:datafield ind1="1" ind2=" " tag="490">
      <marc:subfield code="a">Mitmachpappen</marc:subfield>
      <marc:subfield code="v">11</marc:subfield>
   </marc:datafield>
   <marc:datafield ind1=" " ind2=" " tag="250">
      <marc:subfield code="a">1. Auflage 2024</marc:subfield>
   </marc:datafield>
   <marc:datafield ind1="1" ind2=" " tag="520">
      <marc:subfield code="a">Ein interaktives Pappbilderbuch, das spielerisch die Motorik fördert und das Vorlesen zu einem echten Abenteuer macht! Perfekt für kleine Entdecker ab 2 Jahren.&#xD;
&#xD;
Murmel, das kleine Murmeltier, muss bald ins Bettchen. Doch vorher möchte es viel lieber die Berge runterrollen, im Bach baden und nach etwas zu knabbern suchen. Es gibt so viel zu erleben! Machst du mit? Als schon langsam die Sonne untergeht, wird es wirklich Zeit, den Heimweg hinauf in die sichere Höhle anzutreten. Doch das ist leichter gesagt als getan, denn ein dickköpfiger Steinbock versperrt ihm den Weg, und nach all dem Spielen sind die Berge plötzlich sehr steil. Hilf Murmel dabei, sicher nach Hause zu kommen, und bring ihn zurück in die kuschelige Höhle. Ganz zum Schluss noch das Näschen reiben, bevor es heißt: Schlaf schön, kleines Murmeltier!</marc:subfield>
   </marc:datafield>
   <marc:datafield ind1=" " ind2=" " tag="020">
      <marc:subfield code="a">9783833909436</marc:subfield>
      <marc:subfield code="9">9783833909436</marc:subfield>
   </marc:datafield>
   <marc:datafield ind1=" " ind2=" " tag="020">
      <marc:subfield code="a">3833909439</marc:subfield>
      <marc:subfield code="9">3833909439</marc:subfield>
   </marc:datafield>
   <marc:datafield ind1=" " ind2=" " tag="041">
      <marc:subfield code="a">ger</marc:subfield>
   </marc:datafield>
   <marc:datafield ind1="0" ind2=" " tag="490">
      <marc:subfield code="v">11</marc:subfield>
   </marc:datafield>
   <marc:datafield ind1=" " ind2=" " tag="338">
      <marc:subfield code="a">Band</marc:subfield>
   </marc:datafield>
   <marc:datafield ind1=" " ind2=" " tag="300">
      <marc:subfield code="a">26 Seiten</marc:subfield>
   </marc:datafield>
</marc:record>
